000 00655cam a2200241u 4500
001 18468
003 BD-RjUL
005 20211209000305.0
008 140220s1966 enk 000 1 eng d
035 _a(BD-RjUL)18526
040 _aDLC
_cCarP
_dDLC
_dBD-RjUL
_beng
041 _aeng
082 0 0 _a823.9
_bMUW 1966
100 1 _aMunk, Peter.
_956901
245 1 0 _aThat wilderness is a cry /
_cMunk, Peter.
260 _aLondon :
_bDawnay,
_c1966.
300 _a288 p. ;
_c20 cm.
651 0 _aIsrael
_xFiction.
_956902
655 7 _aHistorical fiction.
_2gsafd
_956908
942 _2ddc
_cBK
999 _c18468
_d18468